000 00762nam a2200217Ia 4500
003 GCL
008 140319s9999 xx 000 0 ara d
020 _a6031376977
040 _aGCL /
_cGCL
082 0 4 _a216.4
_bز هـ
100 1 _aزينب عبدالعزيز
245 1 0 _aهدم الاسلام بالمصطلحات المستوردة :
_bالحداثة والاصولية /
_cزينب عبدالعزيز
250 _aالاولى
260 _aسوريا :
_bدار الكتاب العربى ،
_c2004
300 _a200ص ؛
_c27سم
490 _aطبيعة الغرب وحضارته
_v4
650 0 4 _aالاسلام - دفع مطاعن
650 0 4 _aالاسلام والغرب
650 0 4 _aالاسلام - مصطلحات
942 _2ddc
_cBK
999 _c58099
_d58099